[Event "Vojvodina-ch 5th"]
[Site "Novi Sad"]
[Date "2014.07.15"]
[Round "5"]
[White "Kler, Borko"]
[Black "Erdogdu, Mert"]
[Result "0-1"]
[WhiteElo "2242"]
[BlackElo "2423"]
[PlyCount "86"]
[EventDate "2014.07.12"]
[EventType "swiss"]
[EventRounds "9"]
[EventCountry "YUG"]
[SourceTitle "CBM 161 Extra"]
[Source "ChessBase"]
[SourceDate "2014.08.29"]
[SourceVersion "1"]
[SourceVersionDate "2014.08.29"]
[SourceQuality "1"]

1. e4 c5 2. Nf3 d6 3. d4 cxd4 4. Nxd4 Nf6 5. Nc3 a6 6. f4 e6 7. Be2 Be7 8. 0-0 Qc7 9. Kh1 0-0 10. Qe1 b5 11. Bf3 Bb7 12. Qg3 b4 13. e5 bxc3 14. Bxb7 Qxb7 15. exf6 Bxf6 16. bxc3 Nd7 17. Ba3 Nc5 18. Rfe1 Rfc8 19. Rad1 Ne4 20. Qf3 Rxc3 21. Rd3 Bxd4 22. Qxe4 Qxe4 23. Rxe4 Rb8 24. Re1 Rxd3 25. cxd3 d5 26. g3 h5 27. Rc1 Rb5 28. Rc8+ Kh7 29. Rc7 Ra5 30. Bb4 Rxa2 31. Rxf7 a5 32. Bd6 Kg6 33. Rf8 a4 34. Ra8 h4 35. gxh4 Kh5 36. h3 Kxh4 37. f5 e5 38. Bb4 Kxh3 39. Rh8+ Kg3 40. Be1+ Kg4 41. Rh7 Ra1 42. Rxg7+ Kxf5 43. Rf7+ Ke6 0-1

[Event "Vojvodina-ch 5th"]
[Site "Novi Sad"]
[Date "2014.07.14"]
[Round "4"]
[White "Musicki, Stevan"]
[Black "Kler, Borko"]
[Result "0-1"]
[WhiteElo "2101"]
[BlackElo "2242"]
[PlyCount "54"]
[EventDate "2014.07.12"]
[EventType "swiss"]
[EventRounds "9"]
[EventCountry "YUG"]
[SourceTitle "CBM 161 Extra"]
[Source "ChessBase"]
[SourceDate "2014.08.29"]
[SourceVersion "1"]
[SourceVersionDate "2014.08.29"]
[SourceQuality "1"]

1. d4 Nf6 2. c4 g6 3. Nc3 Bg7 4. e4 d6 5. Nf3 0-0 6. Be2 Nbd7 7. 0-0 c5 8. d5 Ne8 9. Bg5 h6 10. Bh4 Ne5 11. Nxe5 dxe5 12. f3 Bd7 13. Qd2 Nd6 14. Rab1 Rc8 15. Bd3 b5 16. cxb5 c4 17. Be2 Bxb5 18. Nxb5 Nxb5 19. Rbc1 Nd6 20. Qe3 f5 21. Be1 Qb6 22. Qxb6 axb6 23. Bb4 fxe4 24. Bxd6 exd6 25. fxe4 Rf6 26. Bxc4 Rxf1+ 27. Kxf1 b5 0-1

[Event "Subotica-ch"]
[Site "Subotica"]
[Date "2014.03.07"]
[Round "8"]
[White "Kler, Borko"]
[Black "Arbutina, Sinisa"]
[Result "0-1"]
[WhiteElo "2254"]
[BlackElo "2285"]
[PlyCount "80"]
[EventDate "2014.02.19"]
[EventType "swiss"]
[EventRounds "9"]
[EventCountry "SRB"]
[SourceTitle "CBM 159 Extra"]
[Source "ChessBase"]
[SourceDate "2014.04.24"]
[SourceVersion "1"]
[SourceVersionDate "2014.04.24"]
[SourceQuality "1"]

1. e4 e5 2. Nf3 Nc6 3. Bb5 Bc5 4. c3 Qf6 5. 0-0 Nge7 6. d3 h6 7. Nbd2 0-0 8. Nb3 Bb6 9. d4 d6 10. d5 Nb8 11. Nfd2 a6 12. Be2 Ng6 13. Nc4 Ba7 14. Bg4 Nd7 15. Ne3 Kh7 16. Na5 Rb8 17. b4 Ne7 18. Bh3 Ng8 19. Ng4 Qh4 20. Be3 Nb6 21. f4 Bxg4 22. Bxg4 Nf6 23. Bf5+ g6 24. g3 Qh5 25. g4 Qh4 26. fxe5 gxf5 27. exf6 Rg8 28. g5 f4 29. Rxf4 Qxg5+ 30. Kf1 Nxd5 31. Qxd5 Qg2+ 32. Ke1 Bxe3 33. Rf1 Rbe8 34. Nb3 Rxe4 35. Qf5+ Rg6 36. Kd1 Bf4 37. Rxf4 Qe2+ 38. Kc1 Rxf4 39. Qc2 Rf1+ 40. Kb2 Qxc2+ 0-1

[Event "Subotica-ch"]
[Site "Subotica"]
[Date "2014.03.03"]
[Round "6"]
[White "Kler, Borko"]
[Black "Nadj Hedjesi, Balind"]
[Result "0-1"]
[WhiteElo "2254"]
[BlackElo "2397"]
[PlyCount "64"]
[EventDate "2014.02.19"]
[EventType "swiss"]
[EventRounds "9"]
[EventCountry "SRB"]
[SourceTitle "CBM 159 Extra"]
[Source "ChessBase"]
[SourceDate "2014.04.24"]
[SourceVersion "1"]
[SourceVersionDate "2014.04.24"]
[SourceQuality "1"]

1. e4 e5 2. Nf3 d6 3. d4 Nd7 4. Nc3 Ngf6 5. Be2 c6 6. 0-0 Qc7 7. Nh4 g6 8. Be3 Bg7 9. Qd2 0-0 10. f4 exd4 11. Bxd4 Re8 12. Bf3 Nb6 13. b3 a6 14. Rad1 c5 15. Bf2 Ng4 16. Bxg4 Bxg4 17. Qxd6 Rac8 18. Qxc7 Rxc7 19. Rd3 c4 20. bxc4 Rxc4 21. e5 Na4 22. Nxa4 Rxa4 23. Rd4 Rxa2 24. c4 Bf8 25. f5 Be2 26. Re1 g5 27. Re4 Bd3 28. Rg4 h6 29. Nf3 Bxf5 30. Rg3 Rd8 31. h4 g4 32. h5 Be7 0-1

[Event "Subotica-ch"]
[Site "Subotica"]
[Date "2014.02.21"]
[Round "2"]
[White "Kler, Borko"]
[Black "Solymosi, Andras"]
[Result "1/2-1/2"]
[WhiteElo "2254"]
[BlackElo "1788"]
[PlyCount "72"]
[EventDate "2014.02.19"]
[EventType "swiss"]
[EventRounds "9"]
[EventCountry "SRB"]
[SourceTitle "CBM 159 Extra"]
[Source "ChessBase"]
[SourceDate "2014.04.24"]
[SourceVersion "1"]
[SourceVersionDate "2014.04.24"]
[SourceQuality "1"]

1. e4 c5 2. Nf3 d6 3. d4 cxd4 4. Nxd4 Nf6 5. Nc3 a6 6. f4 Nbd7 7. Be2 e6 8. 0-0 Be7 9. Bf3 0-0 10. Qe1 Qc7 11. g4 Rb8 12. g5 Ne8 13. f5 Ne5 14. Bg2 Qc5 15. Nce2 Nc6 16. Qf2 Nxd4 17. Nxd4 e5 18. Nb3 Qxf2+ 19. Rxf2 f6 20. h4 fxg5 21. hxg5 d5 22. Bd2 a5 23. f6 gxf6 24. gxf6 Nxf6 25. Bxa5 b6 26. Bc3 d4 27. Bd2 Bb7 28. Bg5 Rf7 29. Raf1 Rbf8 30. Rf5 Bxe4 31. Rxe5 Bxg2 32. Kxg2 Bd6 33. Ref5 Ne8 34. Rxf7 Rxf7 35. Rxf7 Kxf7 36. Nxd4 Kg6 1/2-1/2

[Event "Vojvodina-ch 4th"]
[Site "Novi Sad"]
[Date "2013.06.29"]
[Round "3"]
[White "Kler, Borko"]
[Black "Bozinovic, Boban"]
[Result "1-0"]
[WhiteElo "2242"]
[BlackElo "2053"]
[PlyCount "57"]
[EventDate "2013.06.28"]
[EventType "swiss"]
[EventRounds "9"]
[EventCountry "SRB"]
[SourceTitle "CBM 155 Extra"]
[Source "ChessBase"]
[SourceDate "2013.08.26"]
[SourceVersion "1"]
[SourceVersionDate "2013.08.26"]
[SourceQuality "1"]

1. e4 c5 2. Nf3 d6 3. d4 cxd4 4. Nxd4 Nf6 5. Nc3 g6 6. f4 Nc6 7. Nxc6 bxc6 8. e5 dxe5 9. Qxd8+ Kxd8 10. fxe5 Ng4 11. Bf4 Bh6 12. Bxh6 Nxh6 13. 0-0-0+ Kc7 14. Bc4 Be6 15. Bxe6 fxe6 16. Ne4 Ng4 17. h3 Ne3 18. Rd3 Nxg2 19. Nc5 Nf4 20. Rb3 Kd8 21. Rd1+ Ke8 22. Rd7 Kf7 23. Rbb7 Rhe8 24. Ne4 Kf8 25. Nf6 Red8 26. Nxh7+ Kg8 27. Ng5 a5 28. a4 c5 29. Rxe7 1-0

[Event "Vojvodina-ch 3rd"]
[Site "Novi Sad"]
[Date "2012.07.03"]
[Round "7"]
[White "Nestorovic, Dejan"]
[Black "Kler, Borko"]
[Result "1-0"]
[WhiteElo "2390"]
[BlackElo "2196"]
[PlyCount "121"]
[EventDate "2012.06.29"]
[EventType "swiss"]
[EventRounds "9"]
[EventCountry "SRB"]
[SourceTitle "CBM 149 Extra"]
[Source "ChessBase"]
[SourceDate "2012.08.24"]
[SourceVersion "1"]
[SourceVersionDate "2012.08.24"]
[SourceQuality "1"]

1. d4 Nf6 2. c4 g6 3. Nc3 Bg7 4. e4 d6 5. Be2 0-0 6. Bg5 c5 7. d5 e6 8. Nf3 h6 9. Bh4 e5 10. Nd2 Re8 11. 0-0 Nbd7 12. a3 Nf8 13. b4 b6 14. f3 g5 15. Bf2 Nh5 16. g3 Ng6 17. Qc2 Bh3 18. Rfe1 Qf6 19. Nf1 Kh8 20. Ne3 Rg8 21. bxc5 bxc5 22. Ng4 Qe7 23. Bf1 Bxf1 24. Rxf1 Bf8 25. Rab1 Nhf4 26. Kh1 Nh3 27. Ne3 Qf6 28. Nf5 Ne7 29. Be3 h5 30. Rb7 Nxf5 31. exf5 g4 32. fxg4 Rxg4 33. Ne4 Qg7 34. Qg2 h4 35. Qxh3 Rxe4 36. gxh4 Qg4 37. Qxg4 Rxg4 38. Rxf7 Kg8 39. Rb7 Rg7 40. Rg1 Rxg1+ 41. Kxg1 Bg7 42. Rd7 Bf8 43. f6 Rb8 44. h5 Rb3 45. Kf2 Rxa3 46. h6 Ra2+ 47. Kg3 Ra3 48. h7+ Kh8 49. Kf2 Ra2+ 50. Kf3 Rxh2 51. Rd8 Kxh7 52. Rxf8 Kg6 53. Rd8 Rc2 54. Rxd6 Rxc4 55. Rc6 Rh4 56. Bxc5 a5 57. Be7 Rd4 58. d6 Kf7 59. Rc5 a4 60. Rxe5 a3 61. Ra5 1-0

[Event "Vojvodina-ch 3rd"]
[Site "Novi Sad"]
[Date "2012.06.30"]
[Round "2"]
[White "Tosic, Miroslav"]
[Black "Kler, Borko"]
[Result "1-0"]
[WhiteElo "2415"]
[BlackElo "2196"]
[PlyCount "88"]
[EventDate "2012.06.29"]
[EventType "swiss"]
[EventRounds "9"]
[EventCountry "SRB"]
[SourceTitle "CBM 149 Extra"]
[Source "ChessBase"]
[SourceDate "2012.08.24"]
[SourceVersion "1"]
[SourceVersionDate "2012.08.24"]
[SourceQuality "1"]

1. d4 Nf6 2. c4 g6 3. Nc3 Bg7 4. e4 d6 5. Nf3 0-0 6. Be2 c6 7. 0-0 a6 8. Qc2 b5 9. Be3 Ng4 10. Bg5 f6 11. Bc1 e5 12. h3 Nh6 13. Be3 f5 14. Bg5 Qe8 15. dxe5 dxe5 16. Rad1 Nf7 17. Be3 Nd8 18. cxb5 axb5 19. a4 f4 20. Bc5 Rf6 21. axb5 Nb7 22. Ba3 g5 23. bxc6 Nxc6 24. Nd5 Nd4 25. Rxd4 exd4 26. Nc7 Qa4 27. Qc4+ Kh8 28. Nxa8 Qxa8 29. Nxg5 Nd8 30. Qxd4 Ne6 31. Nxe6 Bxe6 32. Rd1 Bg8 33. Bf3 Qc8 34. e5 Rg6 35. Kh1 Rg5 36. Bd6 Qe8 37. Ra1 Bxe5 38. Bxe5+ Qxe5 39. Ra4 Qxd4 40. Rxd4 Rb5 41. Rxf4 Rxb2 42. Kh2 Kg7 43. Rg4+ Kf8 44. Ra4 Rd2 1-0

[Event "Subotica-ch"]
[Site "Subotica"]
[Date "2012.05.11"]
[Round "3"]
[White "Hegedus, Antal"]
[Black "Kler, Borko"]
[Result "1-0"]
[WhiteElo "1954"]
[BlackElo "2196"]
[PlyCount "107"]
[EventDate "2012.05.07"]
[EventType "swiss"]
[EventRounds "9"]
[EventCountry "SRB"]
[SourceTitle "CBM 148 Extra"]
[Source "ChessBase"]
[SourceDate "2012.06.22"]
[SourceVersion "1"]
[SourceVersionDate "2012.06.22"]
[SourceQuality "1"]

1. Nf3 Nf6 2. d4 g6 3. c4 Bg7 4. Nc3 d6 5. g3 0-0 6. Bg2 Nbd7 7. Qc2 c5 8. d5 Nb6 9. Nd2 e6 10. 0-0 exd5 11. Nxd5 Nbxd5 12. cxd5 b5 13. e4 Re8 14. Rb1 a5 15. b3 Nd7 16. f4 Ba6 17. Re1 Rc8 18. Bb2 Bxb2 19. Qxb2 c4 20. bxc4 bxc4 21. Qc3 Nc5 22. Bf1 Nd3 23. Bxd3 cxd3 24. Qd4 Rc2 25. Red1 Qc7 26. h4 h5 27. a4 Qc8 28. Qe3 Qg4 29. Re1 Rec8 30. Rbd1 Ra2 31. f5 Re8 32. fxg6 fxg6 33. Qf4 Qxf4 34. gxf4 Rxa4 35. Ra1 Bb5 36. Rxa4 Bxa4 37. Kf2 Bc2 38. Ke3 Rb8 39. Nc4 a4 40. Kd2 Rb4 41. Nxd6 a3 42. Ra1 Ra4 43. e5 Kf8 44. Nb5 a2 45. Nc3 Rxf4 46. Rxa2 Rxh4 47. d6 Rh2+ 48. Ke3 Rh3+ 49. Kd4 d2 50. Rxc2 Rxc3 51. Rxd2 Ra3 52. Kd5 Ra5+ 53. Ke6 Ke8 54. Rg2 1-0

[Event "Subotica Autumn op"]
[Site "Subotica"]
[Date "2011.12.11"]
[Round "5"]
[White "Kler, Borko"]
[Black "Scepanovic, Labud"]
[Result "1-0"]
[WhiteElo "2176"]
[BlackElo "2198"]
[PlyCount "97"]
[EventDate "2011.12.03"]
[EventType "swiss"]
[EventRounds "9"]
[EventCountry "SRB"]
[SourceTitle "CBM 145 Extra"]
[Source "ChessBase"]
[SourceDate "2012.01.03"]
[SourceVersion "1"]
[SourceVersionDate "2012.01.03"]
[SourceQuality "1"]

1. e4 d5 2. exd5 Qxd5 3. Nc3 Qd6 4. d4 a6 5. Bc4 Nf6 6. Nge2 b5 7. Bb3 Bb7 8. Bf4 Qd8 9. 0-0 Nbd7 10. Ng3 g6 11. Re1 Bg7 12. Qe2 Nb6 13. a4 b4 14. a5 bxc3 15. axb6 cxb6 16. bxc3 Qd7 17. c4 e6 18. Ba4 Bc6 19. Bxc6 Qxc6 20. d5 Qc5 21. dxe6 0-0 22. Rad1 Rfe8 23. e7 Rac8 24. Rd6 g5 25. Be5 Rxe7 26. Nf5 Re6 27. Rxe6 fxe6 28. Nxg7 Kxg7 29. Bxf6+ Kxf6 30. Qxe6+ Kg7 31. Qd7+ Kf8 32. Qxh7 Rc7 33. Qg6 Rf7 34. Qh6+ Kg8 35. Re8+ Rf8 36. Rxf8+ Qxf8 37. Qxf8+ Kxf8 38. Kf1 Ke7 39. Ke2 Kd6 40. Kd3 Kc5 41. Kc3 a5 42. h3 Kd6 43. Kb3 Ke5 44. g3 Ke4 45. h4 gxh4 46. gxh4 Kf5 47. f3 Kf4 48. Ka4 Kf5 49. c5 1-0

[Event "Subotica"]
[Site "Subotica"]
[Date "2010.11.05"]
[Round "8"]
[White "Krivokapic, Marko"]
[Black "Kler, Borko"]
[Result "1-0"]
[WhiteElo "2417"]
[BlackElo "2195"]
[PlyCount "89"]
[EventDate "2010.10.30"]
[EventType "tourn"]
[EventRounds "9"]
[EventCountry "YUG"]
[EventCategory "3"]
[SourceTitle "EXT 2011"]
[Source "ChessBase"]
[SourceDate "2010.11.26"]
[SourceVersion "1"]
[SourceVersionDate "2010.11.26"]
[SourceQuality "1"]

1. e4 c5 2. Nf3 d6 3. d4 cxd4 4. Nxd4 Nf6 5. Nc3 e6 6. Be2 Be7 7. 0-0 0-0 8. Be3 a6 9. f4 Qc7 10. Kh1 Nc6 11. Qe1 Nxd4 12. Bxd4 e5 13. fxe5 dxe5 14. Qg3 Bd6 15. Be3 Ne8 16. Rad1 Be6 17. Bg4 Bc4 18. Rf2 Bc5 19. Bxc5 Qxc5 20. b3 Be6 21. Na4 Qa5 22. Bxe6 fxe6 23. Rxf8+ Kxf8 24. Qh3 Rd8 25. Rf1+ Nf6 26. Qxe6 Qc7 27. c4 Rd6 28. Qf5 b5 29. Nc3 bxc4 30. Nd5 Qc6 31. Qxe5 Re6 32. Qf5 cxb3 33. axb3 Kg8 34. h3 h6 35. Qg6 Nxd5 36. Qf7+ Kh7 37. Qf5+ Rg6 38. exd5 Qd6 39. Re1 Qg3 40. Re2 a5 41. Qc2 Qf4 42. Re6 Qf1+ 43. Kh2 Qf4+ 44. Kg1 Qd4+ 45. Kh1 1-0

[Event "Senta op-A 12th"]
[Site "Senta"]
[Date "2008.07.19"]
[Round "2"]
[White "Kler, Borko"]
[Black "Tomic, Bosko"]
[Result "0-1"]
[WhiteElo "2234"]
[BlackElo "2379"]
[PlyCount "46"]
[EventDate "2008.07.18"]
[EventType "swiss"]
[EventRounds "9"]
[EventCountry "YUG"]
[SourceTitle "CBM 125 Extra"]
[Source "ChessBase"]
[SourceDate "2008.09.01"]
[SourceVersion "1"]
[SourceVersionDate "2008.09.01"]
[SourceQuality "1"]

1. e4 c5 2. Nf3 e6 3. g3 Nc6 4. Bg2 Nf6 5. d3 d6 6. a4 Be7 7. 0-0 0-0 8. c3 Qc7 9. Na3 b6 10. e5 dxe5 11. Nxe5 Bb7 12. Nec4 Nd5 13. Qg4 Rfd8 14. Bh6 Bf6 15. Nb5 Qe7 16. Rfe1 Kh8 17. Bd2 Rab8 18. h4 Ba8 19. Bf4 Nxf4 20. Qxf4 Kg8 21. Nc7 e5 22. Nxe5 Bxe5 23. Rxe5 Nxe5 0-1

[Event "Senta op-A 11th"]
[Site "Senta"]
[Date "2007.07.25"]
[Round "6"]
[White "Colovic, Dusan"]
[Black "Kler, Borko"]
[Result "1-0"]
[WhiteElo "2356"]
[BlackElo "2211"]
[PlyCount "55"]
[EventDate "2007.07.21"]
[EventType "swiss"]
[EventRounds "9"]
[EventCountry "YUG"]
[SourceTitle "CBM 119 Extra"]
[Source "ChessBase"]
[SourceDate "2007.09.04"]
[SourceVersion "1"]
[SourceVersionDate "2007.09.04"]
[SourceQuality "1"]

1. d4 Nf6 2. Nc3 g6 3. e4 d6 4. Bf4 Bg7 5. Qd2 c6 6. 0-0-0 b5 7. f3 Qa5 8. Kb1 b4 9. Nce2 Be6 10. Nc1 Nbd7 11. Nge2 Rb8 12. Bh6 Bxh6 13. Qxh6 Bc4 14. Nf4 Nb6 15. Bxc4 Nxc4 16. Nb3 Qb5 17. Rhe1 a5 18. e5 Nd5 19. Nxd5 Qxd5 20. exd6 Qxd6 21. Qg7 Rf8 22. Nc5 e6 23. Ne4 Na3+ 24. bxa3 bxa3+ 25. Ka1 Qd8 26. d5 f6 27. Nd6+ Qxd6 28. Rxe6+ 1-0

[Event "Senta op-A 11th"]
[Site "Senta"]
[Date "2007.07.23"]
[Round "5"]
[White "Kler, Borko"]
[Black "Cvetkovic, Nemanja"]
[Result "1-0"]
[WhiteElo "2211"]
[BlackElo "2276"]
[PlyCount "47"]
[EventDate "2007.07.21"]
[EventType "swiss"]
[EventRounds "9"]
[EventCountry "YUG"]
[SourceTitle "CBM 119 Extra"]
[Source "ChessBase"]
[SourceDate "2007.09.04"]
[SourceVersion "1"]
[SourceVersionDate "2007.09.04"]
[SourceQuality "1"]

1. e4 c5 2. Nf3 d6 3. d4 cxd4 4. Nxd4 Nf6 5. Nc3 a6 6. f4 e5 7. Nf3 Qc7 8. Be2 Be7 9. 0-0 0-0 10. Kh1 Be6 11. Qe1 Nbd7 12. a4 Bc4 13. Bxc4 Qxc4 14. a5 Rac8 15. Nd2 Qc6 16. Nb3 h6 17. Rf3 exf4 18. Nd4 Qc7 19. Bxf4 Rfe8 20. Nf5 Bf8 21. Qg3 Ne5 22. Nxh6+ Kh7 23. Bxe5 Rxe5 24. Nxf7 1-0